Detalles MARC
| 000 -CABECERA |
| campo de control de longitud fija |
02369nam a2200301 a 4500 |
| 001 - NÚMERO DE CONTROL |
| campo de control |
000008689 |
| 003 - IDENTIFICADOR DEL NÚMERO DE CONTROL |
| campo de control |
OCoLC |
| 005 - FECHA Y HORA DE LA ÚLTIMA TRANSACCIÓN |
| campo de control |
20200929161402.0 |
| 008 - DATOS DE LONGITUD FIJA--INFORMACIÓN GENERAL |
| campo de control de longitud fija |
090907s1967 it cg r 001 0 spa d |
| 040 ## - FUENTE DE LA CATALOGACIÓN |
| Centro catalogador/agencia de origen |
DO-SdBNP |
| Lengua de catalogación |
spa |
| Centro/agencia transcriptor |
BNPHU |
| 082 ## - NÚMERO DE LA CLASIFICACIÓN DECIMAL DEWEY |
| Número de clasificación |
232.91 |
| Número de documento/Ítem |
C749m |
| 111 2# - ENTRADA PRINCIPAL--NOMBRE DE CONGRESO/REUNIÓN |
| Nombre de congreso/reunión o jurisdicción como elemento de entrada |
Congressus Mariologici - Mariani ( |
| Fecha del congreso/reunión |
1965 : |
| Sede del congreso/Lugar de la reunión |
Santo Domingo, República Dominicana) |
| 9 (RLIN) |
23133 |
| 245 10 - MENCIÓN DE TÍTULO |
| Título |
María in sacra scriptura : |
| Resto del título |
acta congressus Mariologici - Mariani in República Dominicana anno 1965 celebrati. |
| Nombre de parte o sección de la obra |
memoria del congreso Mariológico - Mariano Internacional de Santo Domingo ( 17 - 25 marzo 1965) / |
| Mención de responsabilidad, etc. |
praefatio P. Carolus Baliâc. |
| 260 ## - PUBLICACIÓN, DISTRIBUCIÓN, ETC. |
| Lugar de publicación, distribución, etc. |
Romae : |
| Nombre del editor, distribuidor, etc. |
Pontificia Academia Mariana Internationalis, |
| Fecha de publicación, distribución, etc. |
1967. |
| 300 ## - DESCRIPCIÓN FÍSICA |
| Extensión |
v. : |
| Otras características físicas |
retrs. ; |
| Dimensiones |
24 cm. |
| 505 2# - NOTA DE CONTENIDO CON FORMATO |
| Nota de contenido con formato |
Prefatio -- Contenido del presente volumen -- Los Congresos Marianos y Mariológicos internacionales -- El consejo central permanente de los congresos Marianos y Mariológicos internacionales -- Junta de honor del XI congreso Marianos y Mariológicos internacionales de Santo Domingo -- Primera parte. Crónica de los congresos -- Preparación de los congresos -- Celebración de los congresos -- Segunda parte. Documentos pontíficios, episcopales, de la Ponâtíficia Academia Mariana Internacional y otros documentos -- Documentos pontíficios -- Documentos episcopales -- Documentos de la pontíficia Academia Mariana Internacional -- Otros documentos -- Tercera parte. Ponencias presentadas en el congreso Mariano -- Índices -- Índice onomástico -- Índice sistemático. |
| 500 ## - NOTA GENERAL |
| Nota general |
Texto en español y prefacio en latín. |
| 500 ## - NOTA GENERAL |
| Nota general |
La biblioteca posee el volumen 1. Memoria del congreso Mariológico - Mariano internacional de Santo Domingo (17 - 25 marzo 1965) |
| 504 ## - NOTA DE BIBLIOGRAFÍA, ETC. |
| Nota de bibliografía, etc. |
Incluye referencias bibliográficas y notas al pie de las páginas. |
| 590 ## - NOTA LOCAL (RLIN) |
| Nota local |
Inventariado, 2019/BT |
| 600 14 - PUNTO DE ACCESO ADICIONAL DE MATERIA--NOMBRE DE PERSONA |
| Nombre de persona |
VIRGEN MARÍA |
| Subdivisión general |
CONGRESOS, CONFERENCIAS, ETC. |
| 9 (RLIN) |
23134 |
| 650 #4 - PUNTO DE ACCESO ADICIONAL DE MATERIA--TÉRMINO DE MATERIA |
| Término de materia o nombre geográfico como elemento de entrada |
Biblia |
| Subdivisión general |
Crítica e interpretación. |
| -- |
Congresos, conferencias, etc. |
| 9 (RLIN) |
23135 |
| 610 24 - PUNTO DE ACCESO ADICIONAL DE MATERIA--NOMBRE DE ENTIDAD CORPORATIVA |
| Nombre de entidad corporativa o nombre de jurisdicción como elemento de entrada |
ACADEMIA MARIANA INTERNACIONAL |
| Subdivisión general |
DOCUMENTOS PONTÍFICIOS |
| 9 (RLIN) |
23136 |
| 700 12 - PUNTO DE ACCESO ADICIONAL--NOMBRE DE PERSONA |
| Nombre de persona |
Baliâc, P. Carolus |
| 9 (RLIN) |
23137 |
| 710 1# - PUNTO DE ACCESO ADICIONAL--NOMBRE DE ENTIDAD CORPORATIVA |
| Nombre de entidad corporativa o nombre de jurisdicción como elemento de entrada |
Pontificia Adacemia Mariana Internationalis (Roma, Italia) |
| 9 (RLIN) |
23138 |
| 740 0# - PUNTO DE ACCESO ADICIONAL--TÍTULO RELACIONADO O ANALÍTICO NO CONTROLADO |
| Título relacionado o analítico no controlado |
Memoria del Congreso Mariológico - Mariano Internacional de Santo Domingo (17-25 marzo 1965). |
| 910 ## - DATOS DE OPCIÓN DEL USUARIO (OCLC) |
| Datos de opción del usuario |
Validado. Control de calidad. MMOLINA |